000 00533nam a2200181 4500
003 OSt
005 20160719172000.0
008 160719b xxu||||| |||| 00| 0 eng d
020 _a9241545534
040 _c040a
082 _aWA 390
_bH833h 2002
100 _aHoward, Guy
_910303
245 _aHealth villages:
_ba guide for communities and community health workers /
_cGuy Howard
260 _aGeneva
_bWorld Health Organisation
_c2002
300 _aix, 108p;
_bill :
_c15 cm.
650 _aVillage health
_910304
942 _2z
_cO_SHELF
999 _c4789
_d4789